<?xml version="1.0" encoding="UTF-8"?>
<resp>
  <nextPage>https://data.bn.org.pl/api/networks/bibs.marcxml?marc=001+b1000001076737&amp;sinceId=1000001076738</nextPage>
  <collection>
    <record xmlns='http://www.loc.gov/MARC21/slim'><leader>03803nam a2200997 i 4500</leader><controlfield tag='001'>b1000001076737</controlfield><controlfield tag='005'>20260130073637.1</controlfield><controlfield tag='006'>m     o  d |      </controlfield><controlfield tag='007'>cr#cn#nnnann|n</controlfield><controlfield tag='008'>211013s2021    pl do   o    |000 0 pol c</controlfield><controlfield tag='009'>9912443882105606</controlfield><datafield ind1=' ' ind2=' ' tag='015'><subfield code='a'>UWD 2021/38861</subfield></datafield><datafield ind1=' ' ind2=' ' tag='020'><subfield code='a'>9788394036881</subfield></datafield><datafield ind1=' ' ind2=' ' tag='035'><subfield code='a'>(PL)b1000001076737</subfield></datafield><datafield ind1=' ' ind2=' ' tag='040'><subfield code='a'>KR U</subfield><subfield code='c'>KR U</subfield><subfield code='d'>KR U</subfield><subfield code='d'>WA N</subfield></datafield><datafield ind1='0' ind2=' ' tag='041'><subfield code='a'>pol</subfield><subfield code='b'>eng</subfield></datafield><datafield ind1='2' ind2=' ' tag='045'><subfield code='b'>d2016</subfield><subfield code='b'>2021</subfield></datafield><datafield ind1=' ' ind2=' ' tag='046'><subfield code='k'>2021</subfield></datafield><datafield ind1=' ' ind2=' ' tag='080'><subfield code='8'>1.1\x</subfield><subfield code='a'>796.332</subfield></datafield><datafield ind1=' ' ind2=' ' tag='080'><subfield code='8'>1.2\x</subfield><subfield code='a'>796.323</subfield></datafield><datafield ind1=' ' ind2=' ' tag='080'><subfield code='8'>1.3\x</subfield><subfield code='a'>061.2</subfield></datafield><datafield ind1=' ' ind2=' ' tag='080'><subfield code='8'>1.4\x</subfield><subfield code='a'>616.2:578.8</subfield></datafield><datafield ind1=' ' ind2=' ' tag='080'><subfield code='8'>1.5\x</subfield><subfield code='a'>(0.034)</subfield></datafield><datafield ind1=' ' ind2=' ' tag='084'><subfield code='a'>01</subfield></datafield><datafield ind1='2' ind2=' ' tag='111'><subfield code='a'>Konferencja Naukowa &quot;Młodzi o Sporcie&quot;</subfield><subfield code='n'>(7 ;</subfield><subfield code='d'>2021 ;</subfield><subfield code='c'>Kraków)</subfield><subfield code='j'>Instytucja sprawcza</subfield></datafield><datafield ind1='1' ind2='0' tag='245'><subfield code='a'>W poszukiwaniu menadżerskich wyzwań :</subfield><subfield code='b'>Młodzi o Sporcie 2021 /</subfield><subfield code='c'>pod redakcją naukową Jaremy Batorskiego i Szczepana Kościółka ; Uniwersytet Jagielloński. Instytut Przedsiębiorczości.</subfield></datafield><datafield ind1='3' ind2='0' tag='246'><subfield code='a'>Młodzi o Sporcie 2021</subfield></datafield><datafield ind1=' ' ind2=' ' tag='250'><subfield code='a'>Wydanie I.</subfield></datafield><datafield ind1=' ' ind2=' ' tag='256'><subfield code='a'>Dane tekstowe.</subfield></datafield><datafield ind1=' ' ind2=' ' tag='260'><subfield code='a'>Kraków :</subfield><subfield code='b'>Uniwersytet Jagielloński. Instytut Przedsiębiorczości,</subfield><subfield code='c'>2021.</subfield></datafield><datafield ind1=' ' ind2=' ' tag='336'><subfield code='a'>Tekst</subfield><subfield code='b'>txt</subfield><subfield code='2'>rdacontent</subfield></datafield><datafield ind1=' ' ind2=' ' tag='337'><subfield code='a'>Komputer</subfield><subfield code='b'>c</subfield><subfield code='2'>rdamedia</subfield></datafield><datafield ind1=' ' ind2=' ' tag='338'><subfield code='a'>Publikacja online</subfield><subfield code='b'>cr</subfield><subfield code='2'>rdacarrier</subfield></datafield><datafield ind1=' ' ind2=' ' tag='347'><subfield code='a'>Plik tekstowy</subfield><subfield code='b'>PDF</subfield><subfield code='c'>5,67 MB</subfield></datafield><datafield ind1=' ' ind2=' ' tag='380'><subfield code='a'>E-booki</subfield></datafield><datafield ind1=' ' ind2=' ' tag='380'><subfield code='a'>Publikacje naukowe</subfield></datafield><datafield ind1='1' ind2=' ' tag='388'><subfield code='a'>2001-</subfield></datafield><datafield ind1=' ' ind2=' ' tag='500'><subfield code='a'>Tytuł z ekranu tytułowego.</subfield></datafield><datafield ind1=' ' ind2=' ' tag='504'><subfield code='a'>Bibliografie, netografie przy pracach.</subfield></datafield><datafield ind1=' ' ind2=' ' tag='536'><subfield code='a'>Finansowanie: Instytut Przedsiębiorczości (Uniwersytet Jagielloński)</subfield></datafield><datafield ind1=' ' ind2=' ' tag='538'><subfield code='a'>Tryb dostępu: online.</subfield></datafield><datafield ind1=' ' ind2=' ' tag='546'><subfield code='a'>Streszczenia w języku angielskim przy pracach.</subfield></datafield><datafield ind1='2' ind2='7' tag='610'><subfield code='a'>Ekstraklasa (Warszawa)</subfield><subfield code='2'>DBN</subfield></datafield><datafield ind1=' ' ind2='7' tag='648'><subfield code='a'>2001-</subfield><subfield code='2'>DBN</subfield></datafield><datafield ind1=' ' ind2='7' tag='650'><subfield code='a'>E-sport</subfield><subfield code='2'>DBN</subfield></datafield><datafield ind1=' ' ind2='7' tag='650'><subfield code='a'>Kluby sportowe</subfield><subfield code='2'>DBN</subfield></datafield><datafield ind1=' ' ind2='7' tag='650'><subfield code='a'>Rozgrywki piłkarskie</subfield><subfield code='2'>DBN</subfield></datafield><datafield ind1=' ' ind2='7' tag='650'><subfield code='a'>Menedżerowie sportu</subfield><subfield code='2'>DBN</subfield></datafield><datafield ind1=' ' ind2='7' tag='650'><subfield code='a'>Społeczna odpowiedzialność biznesu (CSR)</subfield><subfield code='2'>DBN</subfield></datafield><datafield ind1=' ' ind2='7' tag='651'><subfield code='a'>Polska</subfield><subfield code='2'>DBN</subfield></datafield><datafield ind1=' ' ind2='7' tag='651'><subfield code='a'>Chiny</subfield><subfield code='2'>DBN</subfield></datafield><datafield ind1=' ' ind2='7' tag='655'><subfield code='a'>Praca zbiorowa</subfield><subfield code='2'>DBN</subfield></datafield><datafield ind1=' ' ind2=' ' tag='658'><subfield code='a'>Kultura fizyczna i sport</subfield></datafield><datafield ind1='1' ind2=' ' tag='700'><subfield code='a'>Batorski, Jarema</subfield><subfield code='e'>Redakcja</subfield></datafield><datafield ind1='1' ind2=' ' tag='700'><subfield code='a'>Kościółek, Szczepan</subfield><subfield code='e'>Redakcja</subfield></datafield><datafield ind1='2' ind2=' ' tag='710'><subfield code='a'>Instytut Przedsiębiorczości (Uniwersytet Jagielloński)</subfield><subfield code='e'>Instytucja sprawcza</subfield><subfield code='e'>Wydawca</subfield><subfield code='4'>pbl</subfield></datafield><datafield ind1=' ' ind2=' ' tag='852'><subfield code='8'>22702486340005066</subfield><subfield code='j'>1</subfield><subfield code='b'>BN_PL</subfield><subfield code='p'>888a1212301</subfield><subfield code='c'>rep</subfield></datafield><datafield ind1=' ' ind2=' ' tag='852'><subfield code='8'>22582867860005067</subfield><subfield code='j'>1</subfield><subfield code='h'>BJ Oz 003775</subfield><subfield code='b'>BJ</subfield><subfield code='p'>RUJ279608</subfield><subfield code='c'>BJ_REPO</subfield></datafield><datafield ind1=' ' ind2=' ' tag='852'><subfield code='b'>48OMNIS_UJA</subfield><subfield code='8'>991016713334305067</subfield></datafield><datafield ind1=' ' ind2=' ' tag='852'><subfield code='b'>48OMNIS_NETWORK</subfield><subfield code='8'>9912443882105606</subfield></datafield><datafield ind1=' ' ind2=' ' tag='852'><subfield code='b'>48OMNIS_NLOP</subfield><subfield code='8'>991052968743005066</subfield></datafield><datafield ind1=' ' ind2=' ' tag='920'><subfield code='a'>978-83-940368-8-1</subfield></datafield><datafield ind1=' ' ind2=' ' tag='950'><subfield code='u'>https://eu05.alma.exlibrisgroup.com/view/uresolver/48OMNIS_NETWORK/openurl?u.ignore_date_coverage=true&amp;portfolio_pid=53582867820005067&amp;Force_direct=true</subfield><subfield code='z'>Repozytorium Uniwersytetu Jagiellońskiego</subfield><subfield code='8'>53582867820005067</subfield></datafield><datafield ind1=' ' ind2=' ' tag='950'><subfield code='u'>https://eu05.alma.exlibrisgroup.com/view/uresolver/48OMNIS_NETWORK/openurl?u.ignore_date_coverage=true&amp;portfolio_pid=53706891930005066&amp;Force_direct=true</subfield><subfield code='z'>Zobacz w Polonie</subfield><subfield code='8'>53706891930005066</subfield></datafield></record>
  </collection>
</resp>
